La Fiesta patronal de los bibliotecarios y archiveros
Colección:
San Jorge,
; núm. 6 (abril 1952), pàg 64
Idioma:
Español
MARC
| LEADER | 00000naa a2200000 a 4500 | ||
|---|---|---|---|
| 003 | Arxiu | ||
| 005 | 20260324181025.0 | ||
| 008 | 160829s1952 spc xx s spa c 000 0 cat d | ||
| 040 | |a agdb | ||
| 245 | 0 | 3 | |a La Fiesta patronal de los bibliotecarios y archiveros |
| 490 | |a San Jorge, |v núm. 6 (abril 1952), pàg 64 | ||
| 600 | 0 | 0 | |9 54848 |a Benet, |c sant, abat de Montecassino, |d -547 |
| 650 | 0 | |a Bibliotecaris |9 46675 |2 Arxiu | |
| 650 | 0 | |a Arxivers |9 44455 |2 Arxiu | |
| 650 | 0 | |a Sants patrons |9 41538 | |
| 773 | |g Núm. 6 (abril 1952), pàg 64 |t San Jorge. | ||
| 901 | |a Arxiu | ||
| 942 | |n 1 |2 udc |c ART | ||
| 952 | |0 0 |1 0 |4 0 |6 REV508 |7 1 |9 64664 |a Arxiu |b Arxiu |d 2022-12-05 |l 0 |o Rev-508 |r 2022-12-05 00:00:00 |w 2022-12-05 |y ARXIU |z També disponible a Rev-521 | ||
| 999 | |c 43898 |d 43898 | ||